La terrible plaga; sorgo de alepo /

Guardado en:
Autor Principal: Fernández, Francisco J.
Formato: Libro
Publicado: Buenos Aires : Dirección de defensa agrícola y sanidad vegetal, 1934
Materias:
Etiquetas: Agregar Etiqueta
Sin Etiquetas, Sea el primero en etiquetar este registro!
LEADER 00577nam a22001935a 4500
001 CEM.cems002469
005 20060221000000.0
008 130507s1934##################000#0#####d
003 CEMS
082 0 4 |a 632.5 
100 1 |a Fernández, Francisco J. 
245 1 0 |a La terrible plaga; sorgo de alepo / 
260 |a Buenos Aires :  |b Dirección de defensa agrícola y sanidad vegetal,  |c 1934 
300 |a 20 p. 
653 |a Agricultura 
653 |a Cultivos-plagas 
653 |a Plagas agricolas 
653 |a Sorgo de alepo 
859 |a CEMS  |b BIB. CEMS - 11 de abril  |h 632.5  |i F391  |p 10409.81  |t Ej.1